| 000 | 00745nam a2200217 a 4500 | ||
|---|---|---|---|
| 008 | 081205s2006 ||||||||||||||||| || u | ||
| 020 | _a0131249444 | ||
| 050 | _aHT 151 Kno | ||
| 100 | _aPinch, Steven | ||
| 245 | 1 | 0 |
_aUrban social geography: an introduction. -- 5th ed. _cPaul Knox and Steven Pinch |
| 250 | _a5th ed. | ||
| 260 |
_aHarlow, Essex _bPearson _c2006 |
||
| 300 | _axvi, 375p.: ill. | ||
| 350 | _a0.00 | ||
| 650 | 0 | _aCITIES AND TOWNS--AFRICA | |
| 650 | 0 | _aSOCIOLOGY, URBAN | |
| 650 | 0 | _aSOCIOLOGY | |
| 650 | 0 | _aHUMAN GEOGRAPHY | |
| 700 | _aKnox, Paul | ||
| 995 |
_D0.00 _FCBU-MAIN LIBRARY (Kitwe) _H1 _I0.00 _M1 _UAVAILABLE _WJan 30, 2009 _ZMain Library Open Access Collection |
||
| 999 |
_c61072 _d61072 |
||